Indie/ Rock/ Alternative - Statistics

General Stats
  • This quiz has been taken 741 times
    698 since last reset
  • The average score is 15 of 50
Answer Stats
song Answer % Correct
Creep radiohead
86%
Friday i'm in love the cure
75%
Love will tear us apart joy division
66%
Should i stay or should i go The Clash
64%
Girls and boys blur
62%
Anarchy in the UK the sex pistols
60%
The less i know the better Tame Impala
51%
Chelsea Dagger the fratellis
51%
Slide away oasis
50%
Disco 2000 pulp
49%
You really got me the kinks
49%
Naive the kooks
49%
There She Goes the la's
48%
Girlfriend in a coma the smiths
45%
Baggy Trousers madness
44%
Town Called Malice the jam
42%
Red light indicates doors are secured Arctic Monkeys
41%
Chocolate the 1975
41%
Laid james
37%
Everyday i love you less and less kaiser chiefs
37%
Greek Tragedy the wombats
33%
You're in love with a psycho Kasabian
32%
And i love her the beatles
28%
Mersey paradise the stone roses
28%
Sonnet the verve
27%
Step On happy mondays
25%
Dreaming of you the coral
24%
Sweet Dispposition Temper Trap
22%
The only one i know the charlatans
21%
What Katie did the libertines
21%
Spaceman Killers
17%
Glasgow catfish and the bottlemen
16%
Men's needs the cribs
16%
Madness muse
15%
C'est la vie stereophonics
15%
same jeans the view
14%
Holy Mountain Noel Gallaghers high flyin birds
13%
I found out The Pigeon Detectives
12%
Don't stop Fleetwood Mac
11%
Blown Rose blossoms
10%
Walkaway Cast
10%
Delete DMA'S
10%
She said Sundara Karma
9%
How good it was the courteeners
8%
All in white the vaccines
8%
You win again bee gees
7%
Under the liquid glass Peace
5%
Sewn the feeling
4%
Song for departure Manic street preachers
3%
Duches The Stranglers
3%
No matching quizzes found
Score Distribution
Percent of People with Each Score
Percentile by Number Answered
Your Score History
You have not taken this quiz since the last reset